| 000 | 00871nam a2200241 i 4500 | ||
|---|---|---|---|
| 001 | 87365 | ||
| 003 | ES-MaACL | ||
| 005 | 20230906175645.0 | ||
| 007 | t| | ||
| 008 | 041221s1984 fr ||||1| fre d | ||
| 020 | _a2-07-028137-X | ||
| 100 | 1 |
_aKöhler, Erich. _968478 |
|
| 245 | 1 | 2 |
_aL'aventure chevaleresque _b: idéal et réalité dans le roman courtois : études sur laforme des plus anciens poèmes d'Arthur et du Graal / _cErich Köhler ; traduit de l'allemand par Eliane Kaufholz ; préface de Jacques Le Goff. |
| 250 | _a2ª ed. complétée. | ||
| 260 |
_a[Paris] : _bGallimard, _c[1984] |
||
| 300 |
_a318 p. ; _c23 cm. |
||
| 490 | 1 | _aBibliothèque des idées | |
| 700 | 1 |
_aKaufholz, Eliane. _967640 |
|
| 700 | 1 |
_aLe Goff, Jacques. _970884 |
|
| 830 | 0 |
_aBibliothèque des idées _9177378 |
|
| 852 |
_aES-MaACL _jL-13226 _bR.115505 |
||
| 999 |
_c87365 _d87365 |
||